000 00781nam a2200229Ia 4500
003 OSt
005 20251022101914.0
008 220923b |||||||| |||| 00| 0 eng d
020 _a9781844678532
037 _cGeneral Book
040 _aRTL
_cRTL
_beng
041 _2eng
_aeng
084 _aY:3(NW), Q2
_qRTL
100 _aPedulla, Gabriele.
_9328297
245 0 _aIn broad daylight: movies and Spectators ofter the Cinema.
260 _aNew York
_bVerso
_c2012
300 _a171 p.
_ccm.
_bIncludes bibliographical references and index.
650 _aSociology
_9849092
700 _aGaborik, Patricia.
_eTranslator
_9849093
942 _hY:3(NW), Q2
_cGB
_2CC
_n0
999 _c640312
_d640312